000 01687nam a2200433 i 4500
001 31204
003 KOSZ 005
005 20230427092904.0
008 960606s1996 pl f |000 0 pol
020 _a8386123680
040 _cKOSZ 005
_aKOSZ 005
_dKOSZ 005/HR
041 0 _apol
_beng
046 _k1996
080 _a621.921/.924
100 1 _aPlichta, Jarosław
_c(inżynieria produkcji)
_eAutor
245 1 0 _aPodstawy szlifowania ściernicami z mikrokrystalicznym ziarnem regularnego azotku boru ze spoiwem ceramicznym /
_cJarosław Plichta ; Politechnika Koszalińska.
260 _aKoszalin :
_bWydaw. PK,
_c1996.
300 _a143 s. :
_bfot., rys., wykr. ;
_c24 cm.
336 _2rdacontent
_aTekst
_btxt
337 _2rdamedia
_aBez urządzenia pośredniczącego
_bn
338 _2rdacarrier
_aWolumin
_bnc
380 _aKsiążki
380 _aPublikacje naukowe
388 _a1901-2000
388 _a1989-2000
490 1 _aMonografia Wydziału Mechanicznego,
_x0239-7129 ;
_vnr 58
504 _aBibliogr. s. 132-141.
546 _aStreszcz. ang.
650 4 _aAzotek boru
658 _aInżynieria i technika
650 4 _aMateriały ścierne
650 4 _aSzlifowanie
650 4 _aŚciernica
710 2 _aWydawnictwo Uczelniane (Politechnika Koszalińska)
_b.
_4pbl.
856 _uhttp://dlibra.tu.koszalin.pl/dlibra/docmetadata?id=305&from=&dirids=1&ver_id=&lp=1&QI=
_yBiblioteka Cyfrowa
856 _uhttp://koha.tu.koszalin.pl/cgi-bin/koha/opac-detail.pl?biblionumber=31204
_yKatalog online BPK
830 _aMonografia Wydziału Mechanicznego - Politechnika Koszalińska
942 _cKS
_2UKD
999 _c31204
_d31204